Eastern Utah Libraries Catalog: Duchesne, Heber, Roosevelt, & Vernal

Dutch [DVD] / (Record no. 412535)

MARC details
000 -LEADER
fixed length control field 02465cgm a2200493 a 4500
001 - CONTROL NUMBER
control field on1066029423
003 - CONTROL NUMBER IDENTIFIER
control field OCoLC
005 - DATE AND TIME OF LATEST TRANSACTION
control field 20251015154033.0
007 - PHYSICAL DESCRIPTION FIXED FIELD--GENERAL INFORMATION
fixed length control field vd cgaizs
008 - FIXED-LENGTH DATA ELEMENTS--GENERAL INFORMATION
fixed length control field 141107s2011 cau108 e vleng d
040 ## - CATALOGING SOURCE
Original cataloging agency KB6
Language of cataloging eng
Transcribing agency KB6
Modifying agency OCLCO
-- OCLCF
-- OCLCQ
-- OCLCO
-- OCLCQ
-- OCLCL
-- OCLCQ
024 1# - OTHER STANDARD IDENTIFIER
Standard number or code 01313243429280
028 42 - PUBLISHER NUMBER
Publisher number DV24342
035 ## - SYSTEM CONTROL NUMBER
System control number (OCoLC)1066029423
082 04 - DEWEY DECIMAL CLASSIFICATION NUMBER
Classification number 791.43/72
-- OCoLC
Edition number 23/eng/20230216
-- https://id.oclc.org/worldcat/ddc/E33mBhDCffccvhb8YbWWgdM7cc
049 ## - LOCAL HOLDINGS (OCLC)
Holding library WACL
245 00 - TITLE STATEMENT
Title Dutch [DVD] /
Statement of responsibility, etc Twenieth Century Fox presents in association with Peter V. Miller Investiment Corp. ; a John Hughes production, a Peter Faiman film, directed by Peter Faiman, produced by John Hughes and Richard Vane.
260 ## - PUBLICATION, DISTRIBUTION, ETC. (IMPRINT)
Place of publication, distribution, etc Beverly Hills, CA :
Name of publisher, distributor, etc Anchor Bay/ 20th. Century Fox,
Date of publication, distribution, etc �2011.
300 ## - PHYSICAL DESCRIPTION
Extent 1 videodisc (108 min.) :
Other physical details sound, color ;
Dimensions 4 3/4 in.
336 ## - Content Type
Content type term two-dimensional moving image
337 ## - Media type
Media type term video
338 ## - Carrier type
Carrier type term videodisc
538 ## - SYSTEM DETAILS NOTE
System details note DVD.
500 ## - GENERAL NOTE
General note #2719.
511 0# - PARTICIPANT OR PERFORMER NOTE
Participant or performer note Ed O'Neill, Ethan Randall, Christopher McDonald, JoBeth Williams.
520 ## - SUMMARY, ETC.
Summary, etc Dutch Dooley is a working-class good guy who's the new boyfriend of a wealthy big shot's ex-wife, but when the woman's spoiled son refuses to come home from his Southern prep school for Thanksgiving, he volunteers to pick the bratty boy up for a road trip back to Chicago that quickly goes hilariously wrong. From fireworks fiascos to hitchinghiking with hookers, can a man who's really just a grown-up kid find a way to bring out the child in a little jerk?
521 8# - TARGET AUDIENCE NOTE
Target audience note Rated PG-13.
538 ## - SYSTEM DETAILS NOTE
System details note DVD, Dolby digital.
650 #0 - SUBJECT ADDED ENTRY--TOPICAL TERM
Topical term or geographic name as entry element Boys
Form subdivision Drama.
9 (RLIN) 5697067
650 #0 - SUBJECT ADDED ENTRY--TOPICAL TERM
Topical term or geographic name as entry element Road trips
Form subdivision Drama.
9 (RLIN) 6553669
650 #0 - SUBJECT ADDED ENTRY--TOPICAL TERM
Topical term or geographic name as entry element Thanksgiving
Form subdivision Drama.
9 (RLIN) 6553670
650 #7 - SUBJECT ADDED ENTRY--TOPICAL TERM
Topical term or geographic name as entry element Boys.
Source of heading or term fast
-- (OCoLC)fst00837358
655 #4 - INDEX TERM--GENRE/FORM
Genre/form data or focus term Comedy films.
655 #7 - INDEX TERM--GENRE/FORM
Genre/form data or focus term Drama.
Source of term fast
-- (OCoLC)fst01423879
700 1# - ADDED ENTRY--PERSONAL NAME
Personal name Hughes, John.
9 (RLIN) 12978
700 1# - ADDED ENTRY--PERSONAL NAME
Personal name Faiman, Peter.
9 (RLIN) 63461
700 1# - ADDED ENTRY--PERSONAL NAME
Personal name O'Neill, Ed.
9 (RLIN) 5714616
700 1# - ADDED ENTRY--PERSONAL NAME
Personal name Randall, Ethan.
9 (RLIN) 6553671
700 1# - ADDED ENTRY--PERSONAL NAME
Personal name McDonald, Chris
Fuller form of name (Christopher)
-- https://id.oclc.org/worldcat/entity/E39PCjJxcjDcFg6Rbw9YdQt7pP
9 (RLIN) 67149
700 1# - ADDED ENTRY--PERSONAL NAME
Personal name Williams, JoBeth.
9 (RLIN) 59628
758 ## -
-- has work:
-- Dutch (MovingImage)
-- https://id.oclc.org/worldcat/entity/E39PCH4Vxv4G9RbjqCP8v6Rc8C
-- https://id.oclc.org/worldcat/ontology/hasWork
936 ## - OCLC/CONSER MISCELLANEOUS DATA (OCLC); PIECE USED FOR CATALOGING (pre-AACR2) (RLIN)
OCLC control number(s) of parallel record(s) (OCLC); Piece used for cataloging, PUC (RLIN) BATCHLOAD
994 ## -
-- C0
-- WACOL
Holdings
Withdrawn status Lost status Source of classification or shelving scheme Damaged status Not for loan Collection code Home library Current library Shelving location Date acquired Source of acquisition Total Checkouts Total Renewals Full call number Barcode Date last seen Date checked out Cost, replacement price Price effective from Koha item type
    Dewey Decimal Classification     Movies Wasatch County Library Wasatch County Library Audio Visual Area 10/15/2025 Amazon 5 3 Movie Dutch 34301002170100 01/03/2026 12/26/2025 14.33 10/15/2025 DVD
This project was made possible through a grant from the Institute of Museum and Library Service administered by the Utah State Library Division.

Wasatch County Library

  • 465 East 1200 South, Heber City, Utah 84032
  • Phone 435-654-1511 | Fax 435-654-6456

Hours

  • Monday - Friday 9:30 AM - 8:00 PM
  • Saturday 9:30 AM - 1:30 PM
  • Closed Sundays and Holidays